[Event "Bayern-chI Bank Hofmann 25th"]
[Site "Tegernsee"]
[Date "2022.11.08"]
[Round "4"]
[White "Weber, Ulrich"]
[Black "Bazilius, Augustinas"]
[Result "1-0"]
[WhiteElo "2344"]
[BlackElo "2131"]
[PlyCount "163"]
[EventDate "2022.11.05"]
[EventType "swiss"]
[EventRounds "9"]
[EventCountry "GER"]
[SourceTitle "CBM 211 Extra"]
[Source "ChessBase"]
[SourceDate "2023.01.31"]
[SourceVersion "1"]
[SourceVersionDate "2023.01.31"]
[SourceQuality "1"]

1. Nf3 Nf6 2. d4 g6 3. Bf4 Bg7 4. e3 0-0 5. h3 d6 6. Be2 c5 7. c3 Nbd7 8. Bh2 b6 9. 0-0 Bb7 10. Nbd2 Qc7 11. Re1 a6 12. a4 Rfb8 13. Bf1 b5 14. e4 e5 15. dxe5 dxe5 16. axb5 axb5 17. Bxb5 Bxe4 18. Nxe4 Rxa1 19. Nxf6+ Bxf6 20. Qxd7 Qxd7 21. Bxd7 Rxe1+ 22. Nxe1 Rxb2 23. Bc6 e4 24. Kf1 Bxc3 25. Bxe4 Bxe1 26. Kxe1 c4 27. Bf4 Ra2 28. Be3 c3 29. Kd1 Kf8 30. Bb1 Rb2 31. Bc2 Rb8 32. Ke2 Rd8 33. Bc5+ Kg8 34. Bd3 Ra8 35. Kd1 Ra2 36. Be3 Rb2 37. Kc1 Ra2 38. Bc2 Ra1+ 39. Bb1 Ra4 40. Kc2 Rb4 41. Kc1 Rb2 42. Bc2 Rb4 43. g3 h5 44. h4 Kh7 45. Bc5 Rc4 46. Be7 f5 47. Bg5 Rd4 48. Bb3 Re4 49. Be3 Re8 50. Kc2 Rc8 51. Be6 Re8 52. Bc4 Rd8 53. Kxc3 Rd7 54. Bd3 Rc7+ 55. Kd2 Rb7 56. Ke2 Rb3 57. Bc4 Ra3 58. Kd2 Ra8 59. Kc3 Rd8 60. Bb5 Rd6 61. Kc4 Rd8 62. Bc6 Rd6 63. Kc5 Re6 64. Kd5 Rf6 65. Bd7 Ra6 66. Ke5 Kg7 67. Bd4 Kh7 68. Bc8 Ra8 69. Be6 Ra5+ 70. Kf6 Ra6 71. Ke7 Ra4 72. Be3 Kg7 73. Bd5 Ra6 74. Bd4+ Kh7 75. Kf8 g5 76. hxg5 Kg6 77. f4 Rd6 78. Bf7+ Kh7 79. g6+ Rxg6 80. Bxg6+ Kxg6 81. Ke7 Kh7 82. Kf6 1-0

[Event "BL2-West 2122"]
[Site "Germany"]
[Date "2022.03.06"]
[Round "2.4"]
[White "Weber, Ulrich"]
[Black "Sundorf, Jannik"]
[Result "1-0"]
[WhiteElo "2339"]
[BlackElo "2205"]
[PlyCount "47"]
[EventDate "2022.03.05"]
[EventType "team-tourn"]
[EventRounds "10"]
[EventCountry "GER"]
[SourceTitle "EXT 2023"]
[Source "ChessBase"]
[SourceDate "2022.10.05"]
[SourceVersion "1"]
[SourceVersionDate "2022.10.05"]
[SourceQuality "1"]
[WhiteTeam "Hofheim"]
[BlackTeam "Dortmund Hansa"]
[WhiteTeamCountry "GER"]
[BlackTeamCountry "GER"]

1. Nf3 c5 2. g3 Nc6 3. Bg2 g6 4. e4 Bg7 5. 0-0 d6 6. h3 e5 7. d3 Nge7 8. c3 0-0 9. a3 a5 10. a4 d5 11. Na3 h6 12. exd5 Nxd5 13. Re1 Re8 14. Qb3 Nc7 15. Nd2 Ne6 16. Ndc4 Qxd3 17. Be3 Ncd4 18. Qa2 Ne2+ 19. Kh2 Nxc3 20. bxc3 Rd8 21. Rad1 Qxc3 22. Nb5 Rxd1 23. Nxc3 Rxe1 24. Bd2 1-0

[Event "Bayern-chI Bank Hofmann 24th"]
[Site "Tegernsee"]
[Date "2021.11.05"]
[Round "7"]
[White "Weber, Ulrich"]
[Black "Sandipan, Chanda"]
[Result "0-1"]
[WhiteElo "2346"]
[BlackElo "2543"]
[PlyCount "64"]
[EventDate "2021.10.30"]
[EventType "swiss"]
[EventRounds "9"]
[EventCountry "GER"]
[SourceTitle "CBM 205 Extra"]
[Source "ChessBase"]
[SourceDate "2022.01.31"]
[SourceVersion "1"]
[SourceVersionDate "2022.01.31"]
[SourceQuality "1"]

1. Nf3 d5 2. g3 Nd7 3. Bg2 e5 4. d3 Ngf6 5. 0-0 Bd6 6. c4 c6 7. cxd5 cxd5 8. Nc3 h6 9. Nd2 Nb6 10. e4 Be6 11. exd5 Nfxd5 12. Nde4 0-0 13. d4 exd4 14. Nxd5 Bxd5 15. Qxd4 Be7 16. Be3 f5 17. Nc5 f4 18. gxf4 Bxc5 19. Qxc5 Bxg2 20. Kxg2 Qh4 21. h3 Rac8 22. Qb5 Rc6 23. Qd3 Nc4 24. Rac1 Nxe3+ 25. Qxe3 Rg6+ 26. Kh2 Rxf4 27. Rc2 Qg5 28. Qb3+ Kh7 29. Qxb7 Rxf2+ 30. Rcxf2 Qg3+ 31. Kh1 Qxh3+ 32. Rh2 Qxf1# 0-1

[Event "Innsbruck op 5th"]
[Site "Innsbruck"]
[Date "2021.08.22"]
[Round "3"]
[White "Weber, Ulrich"]
[Black "Asadzade, Idris"]
[Result "1/2-1/2"]
[WhiteElo "2365"]
[BlackElo "2174"]
[PlyCount "116"]
[EventDate "2021.08.21"]
[EventType "swiss"]
[EventRounds "9"]
[EventCountry "AUT"]
[SourceTitle "CBM 204 Extra"]
[Source "ChessBase"]
[SourceDate "2021.11.30"]
[SourceVersion "1"]
[SourceVersionDate "2021.11.30"]
[SourceQuality "1"]

1. Nf3 d5 2. g3 Nf6 3. Bg2 c5 4. 0-0 Nc6 5. d3 e5 6. e4 Be7 7. exd5 Nxd5 8. Re1 f6 9. Nc3 Nc7 10. Nh4 0-0 11. f4 exf4 12. Bxf4 g5 13. Bxc7 Qxc7 14. Nd5 Qd6 15. Nxe7+ Nxe7 16. Nf3 Bg4 17. Qd2 Nc6 18. Qc3 Bd7 19. Nd2 Rad8 20. Kh1 b6 21. Ne4 Qd4 22. Qb3+ Kg7 23. c3 Qe5 24. Qc2 Qf5 25. Nd6 Qg6 26. Qa4 f5 27. Nc4 f4 28. gxf4 Rxf4 29. Be4 Qf6 30. Qc2 Bg4 31. Ne3 Ne5 32. Rf1 Bf3+ 33. Bxf3 Rxd3 34. Qxd3 Nxd3 35. Nd5 Qf7 36. Nxf4 Nxf4 37. Rad1 Qxa2 38. Rd7+ Kf6 39. h4 Qe6 40. hxg5+ Kg6 41. Rxa7 Qh3+ 42. Kg1 Qg3+ 43. Kh1 Qh4+ 44. Kg1 Nh3+ 45. Kg2 Nf4+ 46. Kg1 Qxg5+ 47. Kh1 Qh4+ 48. Kg1 Qg3+ 49. Kh1 Kh6 50. Rb7 Nh3 51. Rxb6+ Kg5 52. Bg2 Nf2+ 53. Kg1 Ng4 54. Rf3 Qe1+ 55. Bf1 Qd2 56. Bg2 Qe1+ 57. Bf1 Qd2 58. Bg2 Qe1+ 1/2-1/2

[Event "BL2-Sued 1920"]
[Site "Germany"]
[Date "2021.08.08"]
[Round "10.6"]
[White "Ollenberger, Roland"]
[Black "Weber, Ulrich"]
[Result "1/2-1/2"]
[WhiteElo "2238"]
[BlackElo "2365"]
[PlyCount "87"]
[EventDate "2019.10.19"]
[EventType "team-tourn"]
[EventRounds "11"]
[EventCountry "GER"]
[SourceTitle "EXT 2023"]
[Source "ChessBase"]
[SourceDate "2022.10.05"]
[SourceVersion "1"]
[SourceVersionDate "2022.10.05"]
[SourceQuality "1"]
[WhiteTeam "Worms"]
[BlackTeam "Hofheim"]
[WhiteTeamCountry "GER"]
[BlackTeamCountry "GER"]

1. e4 c5 2. Nf3 d6 3. d4 cxd4 4. Nxd4 Nf6 5. Nc3 a6 6. Be3 e5 7. Nb3 Be6 8. f3 h5 9. Nd5 Bxd5 10. exd5 Nbd7 11. Qd2 Qc7 12. c4 a5 13. Qf2 g6 14. Be2 b6 15. 0-0 Bg7 16. Kh1 0-0 17. Qh4 Rfe8 18. Nd2 Nc5 19. g4 e4 20. f4 Nxg4 21. Bxg4 hxg4 22. f5 Qd7 23. f6 Bh8 24. Rf4 Re5 25. Bxc5 bxc5 26. Nxe4 Rh5 27. Qg3 Re8 28. Rxg4 Rhe5 29. Qg2 Qxg4 30. Qxg4 Rxe4 31. Qf3 Rxc4 32. Rg1 Re5 33. Rf1 Rc2 34. Rf2 Rc1+ 35. Rf1 Rc2 36. Qb3 Ree2 37. Qb8+ Kh7 38. Qxd6 Rxb2 39. Qc7 Bxf6 40. Qxf7+ Bg7 41. Qf4 Be5 42. Qh4+ Kg7 43. Qe7+ Kh6 44. Qh4+ 1/2-1/2

[Event "BL2-Sued 1920"]
[Site "Germany"]
[Date "2019.10.20"]
[Round "2.5"]
[White "Barski, Radoslaw"]
[Black "Weber, Ulrich"]
[Result "1-0"]
[WhiteElo "2437"]
[BlackElo "2360"]
[PlyCount "119"]
[EventDate "2019.10.19"]
[EventType "team-tourn"]
[EventRounds "11"]
[EventCountry "GER"]
[SourceTitle "CBM 194 Extra"]
[Source "ChessBase"]
[SourceDate "2020.03.31"]
[SourceVersion "1"]
[SourceVersionDate "2020.03.31"]
[SourceQuality "1"]
[WhiteTeam "Heusenstamm"]
[BlackTeam "Hofheim"]
[WhiteTeamCountry "GER"]
[BlackTeamCountry "GER"]

1. e4 c5 2. Nf3 d6 3. Bb5+ Bd7 4. a4 Nc6 5. 0-0 a6 6. Bxc6 Bxc6 7. Re1 Nf6 8. d3 e5 9. Bg5 Be7 10. Bxf6 Bxf6 11. a5 0-0 12. c4 Qd7 13. Nc3 Rae8 14. Nd5 Bd8 15. Nd2 Bg5 16. Nb1 f5 17. Nbc3 f4 18. f3 Bd8 19. b4 Kh8 20. b5 axb5 21. cxb5 Bxb5 22. Nxb5 Qxb5 23. Qd2 Rf7 24. Reb1 Qd7 25. Ra2 g5 26. Rab2 Qa4 27. Rb5 Rg8 28. Kh1 g4 29. fxg4 Rxg4 30. Qd1 Qxd1+ 31. Rxd1 Rfg7 32. Rd2 f3 33. g3 c4 34. Nc3 Rf7 35. Rd1 cxd3 36. Kg1 h5 37. Kf2 Rg8 38. Rxd3 Rgf8 39. Nd5 h4 40. Ne3 hxg3+ 41. hxg3 Rh7 42. Nf5 Rxf5 43. exf5 e4 44. Re3 Rh2+ 45. Kg1 Rg2+ 46. Kf1 d5 47. Rxd5 Bc7 48. Rxe4 Bxg3 49. Rd8+ Kh7 50. Re7+ Kh6 51. Rh8+ Kg5 52. f6 Rf2+ 53. Kg1 Kxf6 54. Rxb7 Rg2+ 55. Kh1 Ke5 56. Rh5+ Ke4 57. Rb4+ Ke3 58. Rb3+ Kf2 59. Rxf3+ Kxf3 60. Rf5+ 1-0

[Event "Bayern-chI Bank Hofmann 22nd"]
[Site "Tegernsee"]
[Date "2018.11.02"]
[Round "7"]
[White "Stefansson, Hannes"]
[Black "Weber, Ulrich"]
[Result "1-0"]
[WhiteElo "2502"]
[BlackElo "2347"]
[PlyCount "69"]
[EventDate "2018.10.27"]
[EventType "swiss"]
[EventRounds "9"]
[EventCountry "GER"]
[SourceTitle "CBM 187 Extra"]
[Source "ChessBase"]
[SourceDate "2018.11.04"]
[SourceVersion "1"]
[SourceVersionDate "2018.11.04"]
[SourceQuality "1"]

1. d4 Nf6 2. c4 g6 3. Nf3 Bg7 4. g3 c6 5. Bg2 d5 6. Qb3 0-0 7. 0-0 e6 8. Nc3 Nbd7 9. Bf4 Re8 10. Rad1 h6 11. Rfe1 g5 12. Bc1 Ne4 13. h4 g4 14. Ne5 Nxc3 15. Qxc3 f5 16. Ng6 Qf6 17. Nf4 Nb6 18. Nh5 Qf7 19. Nxg7 Qxg7 20. b3 Kh7 21. Qc2 Bd7 22. Bf4 Rg8 23. e4 Qf7 24. exf5 exf5 25. c5 Nc8 26. Qd2 Rg6 27. Re3 h5 28. Rde1 Be6 29. R1e2 Bd7 30. Qb4 a5 31. Qxb7 Ra7 32. Qb8 Re6 33. Bf1 Rxe3 34. Rxe3 Be6 35. Bg5 1-0

[Event "Bayern-chI Bank Hofmann 21st"]
[Site "Tegernsee"]
[Date "2017.11.05"]
[Round "9"]
[White "Muetsch, Annmarie"]
[Black "Weber, Ulrich"]
[Result "0-1"]
[WhiteElo "2133"]
[BlackElo "2357"]
[PlyCount "134"]
[EventDate "2017.10.28"]
[EventType "swiss"]
[EventRounds "9"]
[EventCountry "GER"]
[SourceTitle "CBM 181 Extra"]
[Source "ChessBase"]
[SourceDate "2017.12.12"]
[SourceVersion "1"]
[SourceVersionDate "2017.12.12"]
[SourceQuality "1"]

1. e4 g6 2. d4 Bg7 3. Nc3 d6 4. f4 a6 5. a4 b6 6. Nf3 Bb7 7. Bd3 e6 8. Qe2 Nc6 9. Qf2 Nb4 10. 0-0 Ne7 11. Be3 Nxd3 12. cxd3 Qd7 13. Qd2 0-0 14. Bf2 Rac8 15. Rac1 Rfe8 16. b3 Nc6 17. Ne2 a5 18. Ne1 f5 19. Nc2 Ne7 20. Nc3 Kh8 21. Be3 Ng8 22. Bf2 Nf6 23. Rfe1 Qf7 24. h3 Bh6 25. e5 dxe5 26. dxe5 Nh5 27. Be3 Rg8 28. h4 Qe7 29. Qf2 Rcd8 30. Rcd1 Rd7 31. Rd2 Bxf4 32. Bxf4 Nxf4 33. Qxf4 Qc5+ 34. d4 Qxc3 35. Qg5 Rf7 36. Rf2 Bd5 37. Re3 Qc6 38. Ne1 Qc1 39. Kh2 Rgf8 40. Nd3 Qd1 41. Rg3 Rg8 42. Nf4 Qxd4 43. Re2 Be4 44. h5 Qxe5 45. hxg6 Qf6 46. Qh5 Rfg7 47. Rh3 Rf8 48. Qh6 e5 49. Nh5 Qxg6 50. Nxg7 Qxg7 51. Qxg7+ Kxg7 52. Rc3 c5 53. g4 Re8 54. Rce3 Kf6 55. Rf2 Kg5 56. gxf5 Bxf5 57. Rg3+ Bg4 58. Re3 e4 59. Kg3 h5 60. Rh2 Bf3 61. Rh4 Rd8 62. Rh2 Rd1 63. Rc3 h4+ 64. Kf2 Kg4 65. Re3 h3 66. Rc3 Rb1 67. Re3 Rc1 0-1

[Event "Bayern-chI Bank Hofmann 21st"]
[Site "Tegernsee"]
[Date "2017.10.29"]
[Round "2"]
[White "Weber, Ulrich"]
[Black "Fischer, Daniel1111"]
[Result "0-1"]
[WhiteElo "2357"]
[BlackElo "2114"]
[PlyCount "36"]
[EventDate "2017.10.28"]
[EventType "swiss"]
[EventRounds "9"]
[EventCountry "GER"]
[SourceTitle "CBM 181 Extra"]
[Source "ChessBase"]
[SourceDate "2017.12.12"]
[SourceVersion "1"]
[SourceVersionDate "2017.12.12"]
[SourceQuality "1"]

1. Nf3 d5 2. g3 Nf6 3. Bg2 Bf5 4. d3 e6 5. 0-0 h6 6. c4 c6 7. Nc3 dxc4 8. dxc4 Nbd7 9. b3 Be7 10. Bb2 0-0 11. Re1 Nc5 12. Nd4 Bg6 13. Qd2 Qc7 14. Qe3 e5 15. Nf3 Ng4 16. Qc1 e4 17. Nd4 Rad8 18. Na4 Bg5 0-1

[Event "BL2-West 1617"]
[Site "Germany"]
[Date "2016.11.20"]
[Round "2.7"]
[White "Wittenberg, Andreas"]
[Black "Weber, Ulrich"]
[Result "1/2-1/2"]
[WhiteElo "2208"]
[BlackElo "2375"]
[PlyCount "69"]
[EventDate "2016.10.16"]
[EventType "team-tourn"]
[EventRounds "9"]
[EventCountry "GER"]
[SourceTitle "EXT 2018"]
[Source "ChessBase"]
[SourceDate "2017.10.13"]
[SourceVersion "1"]
[SourceVersionDate "2017.10.13"]
[SourceQuality "1"]
[WhiteTeam "Muelheim II"]
[BlackTeam "Hofheim"]
[WhiteTeamCountry "GER"]
[BlackTeamCountry "GER"]

1. d4 Nf6 2. Nf3 g6 3. g3 Bg7 4. Bg2 0-0 5. 0-0 d6 6. b3 c5 7. Bb2 Nbd7 8. c4 a6 9. Nc3 Rb8 10. a4 b6 11. Qd2 Bb7 12. d5 b5 13. axb5 axb5 14. cxb5 Nxd5 15. Nxd5 Bxb2 16. Nxe7+ Qxe7 17. Qxb2 Bxf3 18. Bxf3 Rxb5 19. Ra7 Qf6 20. Qxf6 Nxf6 21. Ra6 Rd8 22. Rd1 Rxb3 23. Rdxd6 Rxd6 24. Rxd6 Kg7 25. Rc6 Rc3 26. Rc7 g5 27. h3 h5 28. e3 Rc2 29. Kf1 g4 30. hxg4 Nxg4 31. Be2 Rc1+ 32. Kg2 Rc2 33. Kf1 Rc1+ 34. Kg2 Rc2 35. Kf1 1/2-1/2